Missing Word: Songs by Male Country Singers II Quiz Stats

 Plays Quiz Updated Mar 19, 2018

Score 0/20 Timer 03:00
0 Plays Today
Hint Answer % Correct
Johnny CashRing
93.8%
Johnny CashWalk
93.8%
Johnny CashPrison
88%
Johnny CashSue
86.1%
Kenny ChesneySun
83.1%
Johnny CashMan
82.8%
Brad PaisleyWhere
56.4%
Kenny ChesneyTractor's
54.7%
George StraitMorning
53.2%
Brad PaisleyMud
47.2%
Hint Answer % Correct
George StraitCheck
47.1%
George StraitCowboy
39.9%
Brad PaisleyWoman
36%
Brad PaisleyWhiskey
34.4%
George StraitCross
29.6%
George StraitStill
25.9%
Kenny ChesneyBlink
25.8%
Kenny ChesneyMexico
22.7%
Kenny ChesneyAmerican
18.7%
Brad PaisleyEverything
18.1%

Today's Daily Dose

You're not logged in!

Compare scores with friends on all Sporcle quizzes.
OR
Log In

You Might Also Like...

Show Comments

Extras

Top Quizzes Today


Score Distribution

Your Account Isn't Verified!

In order to create a playlist on Sporcle, you need to verify the email address you used during registration. Go to your Sporcle Settings to finish the process.

Report this User

Report this user for behavior that violates our Community Guidelines.

Details: